000 01133nam a2200265 u 4500
001 000691157
003 AM-YeHGA
005 20260330115318.0
008 091019s2009 ai | |||||||||||||arm|d
020 _z978-99930-65-63-0
040 _aAM-YeHGA
041 0 _aarm
100 1 _aՂազարյան, Ռաֆիկ
245 1 0 _aԿոմիտաս :
_bՄատենագիտական ժողովածու /
_cՌ. Ղազարյան; Խմբ.՝ Դ. Սարգսյան; ՀՀ Մշակույթի նախարարություն; Հայաստանի Ազգային գրադարան.
260 _aԵրևան :
_bԱ. հ.,
_c2009.
300 _a224 էջ :
_bնկ., դիմանկ., նոտա ;
_c20 սմ.
600 0 4 _aԿոմիտաս,
_d1869-1935
_91689
650 1 4 _aՄատենագիտություն
650 1 4 _aՀայ նշանավոր երաժիշտներ
700 1 _aՍարգսյան, Դավիթ Մկրտչի,
_q(Դավիթ Մկր-Սարգսյան),
_d1957-
_eխմբ.
_4edt
_93377
710 2 _aՀայաստանի Ազգային գրադարան
_94066
710 2 _aՄշակույթի նախարարություն ՀՀ
090 _c257894
999 _c256289
_d256289
942 0 0 _01